| 000 | 00702cam a2200193 i 4500 | ||
|---|---|---|---|
| 005 | 20260429083404.0 | ||
| 008 | 250721s2016 jo gr 000 0 ara d | ||
| 020 | _a9789957593469 | ||
| 082 | 1 | 4 |
_a512.943 _bص ب ر |
| 100 | 1 |
_aصبري، عزام عبدالرحمن _eمؤلف. |
|
| 245 | 1 | 0 |
_aاساسيات في المصفوفات والمتجهات / _cالاستاذ عزام عب الرحمن صبري. |
| 250 | _aالطبعة الأولى. | ||
| 264 | 3 | 1 |
_aعمان : _bدار المنهجية للنشر والتوزيع، _c2016. |
| 300 | _a203 صفحة. | ||
| 650 | 1 | 7 | _aالرياضيات. |
| 650 | 1 | 7 | _aالمصفوفات. |
| 942 |
_2ddc _cBK |
||
| 999 |
_c144773 _d144773 |
||